সৈয়দ ওয়ালীউল্লাহ্ / (Record no. 86465)
[ view plain ]
| 000 -LEADER | |
|---|---|
| fixed length control field | 00916nam a2200229 a 4500 |
| 001 - CONTROL NUMBER | |
| control field | 86465 |
| 003 - CONTROL NUMBER IDENTIFIER | |
| rucl marc code | BD-RjUL |
| 005 - DATE AND TIME OF LATEST TRANSACTION | |
| control field | 20260512143440.0 |
| 008 - FIXED-LENGTH DATA ELEMENTS--GENERAL INFORMATION | |
| fixed length control field | 260512s2026 bg ||||| |||| 00| 0 ben d |
| 020 ## - INTERNATIONAL STANDARD BOOK NUMBER | |
| International Standard Book Number | 97898439742411 |
| 035 ## - SYSTEM CONTROL NUMBER | |
| System control number | (BD-RjUL)86465 |
| 040 ## - CATALOGING SOURCE | |
| Original cataloging agency | BD-RjUL |
| Language of cataloging | eng |
| Transcribing agency | BD-RjUL |
| 041 ## - LANGUAGE CODE | |
| Language code of text/sound track or separate title | ben |
| 082 ## - DEWEY DECIMAL CLASSIFICATION NUMBER | |
| Edition number | 23 |
| Classification number | 891.44092 |
| Author mark and year | HAS 2026 |
| 100 ## - MAIN ENTRY--PERSONAL NAME | |
| Personal name | হামিদ, শামীমা |
| 9 (RLIN) | 18447 |
| 245 ## - TITLE STATEMENT | |
| Title | সৈয়দ ওয়ালীউল্লাহ্ / |
| Statement of responsibility, etc. | শামীমা হামিদ |
| 260 ## - PUBLICATION, DISTRIBUTION, ETC. (IMPRINT) | |
| Place of publication, distribution, etc. | ঢাকা : |
| Name of publisher, distributor, etc. | সুচয়নী পাবলিশার্স, |
| Date of publication, distribution, etc. | ২০২৬ |
| 300 ## - PHYSICAL DESCRIPTION | |
| Pagination | ১২৭ পৃ.; |
| Size | ১৯ সেমি. |
| 600 ## - SUBJECT ADDED ENTRY--PERSONAL NAME | |
| Personal name | ওয়ালীউল্লাহ্, সৈয়দ |
| General subdivision | জীবন ও সাহিত্যকর্ম সমালোচনা |
| Personal name | Waliullah, Syed |
| General subdivision | Life and literary criticism |
| 942 ## - ADDED ENTRY ELEMENTS (KOHA) | |
| Source of classification or shelving scheme | Dewey Decimal Classification |
| Koha item type | Books |
| Lost status | Source of classification or shelving scheme | Damaged status | Not for loan | Collection code | Permanent Location | Current Location | Shelving location | Date acquired | Source of acquisition | Cost, normal purchase price | Total Checkouts | Full call number | Date last seen | Copy number | Koha item type |
|---|---|---|---|---|---|---|---|---|---|---|---|---|---|---|---|
| Dewey Decimal Classification | Not For Loan | Non-fiction | Central Library, University of Rajshahi | Central Library, University of Rajshahi | Reading Room | 26/04/2026 | Shameema Hamid | 180.00 | B 891.44092 HAS 2026 | 12/05/2026 | C-1 | Books | |||
| Dewey Decimal Classification | Non-fiction | Central Library, University of Rajshahi | Central Library, University of Rajshahi | General Stacks | 26/04/2026 | Shameema Hamid | 180.00 | B 891.44092 HAS 2026 | 12/05/2026 | C-2 | Books | ||||
| Dewey Decimal Classification | Non-fiction | Central Library, University of Rajshahi | Central Library, University of Rajshahi | General Stacks | 26/04/2026 | Shameema Hamid | 180.00 | B 891.44092 HAS 2026 | 12/05/2026 | C-3 | Books | ||||
| Dewey Decimal Classification | Non-fiction | Central Library, University of Rajshahi | Central Library, University of Rajshahi | General Stacks | 26/04/2026 | Shameema Hamid | 180.00 | B 891.44092 HAS 2026 | 12/05/2026 | C-4 | Books | ||||
| Dewey Decimal Classification | Non-fiction | Central Library, University of Rajshahi | Central Library, University of Rajshahi | General Stacks | 26/04/2026 | Shameema Hamid | 180.00 | B 891.44092 HAS 2026 | 12/05/2026 | C-5 | Books |